Países 197 a 205 - Estadísticas

Estadísticas generales
  • Esta prueba ha sido intentada 209 veces
  • La puntuación promedio es 5 de 9
Estadísticas de respuestas
estado población país % Correcto
Libre asociación con Dinamarca 55 800 Groenlandia
87%
Reconocido por el 74% de todas las naciones (146 de 196) 4 550 400 Palestina
78%
Libre asociación con Países Bajos 107 400 Aruba
74%
Libre asociación con Dinamarca 49 200 Islas Feroe
69%
Libre asociación con Países Bajos 154 800 Curazao
66%
Nación africana, reconocida por 44 naciones 586 000 Sáhara Occidental
61%
Libre asociación con Nueva Zelanda 19 100 Islas Cook
42%
Libre asociación con Nueva Zelanda 1 500 Niue
42%
Libre asociación con Países Bajos 38 200 Sint Maarten
17%
No se encontraron pruebas coincidentes
Distribución de puntuación
Porcentaje de gente con cada puntuación
Porcentaje por número respondido
Historial de tus puntuaciones
No has intentado esta prueba.